[Event "Tenerife-ch Juniors"]
[Site "Laguna-Cotelec"]
[Date "2014.03.21"]
[Round "9.4"]
[White "Pozo Vinuesa, Elena"]
[Black "Rodriguez Redondo, Ethan"]
[Result "0-1"]
[WhiteElo "1542"]
[BlackElo "1596"]
[PlyCount "56"]
[EventDate "2014.02.21"]
[EventType "swiss"]
[EventRounds "9"]
[EventCountry "ESP"]
[SourceTitle "EXT 2024"]
[Source "ChessBase"]
[SourceDate "2023.10.10"]
[SourceVersion "1"]
[SourceVersionDate "2023.10.10"]
[SourceQuality "1"]

1. e4 e5 2. Nf3 Nf6 3. Nc3 Bb4 4. d3 d5 5. exd5 Nxd5 6. Bd2 0-0 7. Be2 Bxc3 8. Bxc3 Nxc3 9. bxc3 Nc6 10. 0-0 Bf5 11. Qd2 e4 12. dxe4 Bxe4 13. Rad1 Qf6 14. Nd4 Rad8 15. Bc4 Ne5 16. Qe2 Bg6 17. Bb3 Rfe8 18. Qb5 Be4 19. Rfe1 a6 20. Qa5 Rxd4 21. cxd4 Nf3+ 22. Kh1 Nxe1 23. Rxe1 Qxf2 24. Rg1 Bxg2+ 25. Rxg2 Re1+ 26. Qxe1 Qxe1+ 27. Rg1 Qe4+ 28. Rg2 Qxd4 0-1

[Event "Santa Cruz de Tenerife Amistad op"]
[Site "Santa Cruz de Tenerife"]
[Date "2013.09.18"]
[Round "5"]
[White "Pozo Vinuesa, Elena"]
[Black "Rivas Crespo, Alejandro"]
[Result "1-0"]
[WhiteElo "1506"]
[BlackElo "1701"]
[PlyCount "43"]
[EventDate "2013.09.09"]
[EventType "swiss"]
[EventRounds "7"]
[EventCountry "ESP"]
[SourceTitle "CBM 156 Extra"]
[Source "ChessBase"]
[SourceDate "2013.10.22"]
[SourceVersion "1"]
[SourceVersionDate "2013.10.22"]
[SourceQuality "1"]

1. e4 c5 2. Nf3 Nc6 3. d4 cxd4 4. Nxd4 d6 5. Nc3 Nf6 6. Be2 e6 7. Bg5 Be7 8. 0-0 0-0 9. Nf3 a6 10. a4 b6 11. Bd3 Bb7 12. Ne2 Nb4 13. Ng3 Rc8 14. Re1 d5 15. exd5 Bxd5 16. Ne5 Nd7 17. Bxe7 Qxe7 18. Qg4 Nf6 19. Qh4 Nxd3 20. cxd3 Rc2 21. Nh5 Rfc8 22. Qg5 1-0

[Event "Santa Cruz de Tenerife Amistad op"]
[Site "Santa Cruz de Tenerife"]
[Date "2013.09.11"]
[Round "2"]
[White "Pozo Vinuesa, Elena"]
[Black "Rodriguez Redondo, Adhara"]
[Result "1-0"]
[WhiteElo "1506"]
[BlackElo "1351"]
[PlyCount "99"]
[EventDate "2013.09.09"]
[EventType "swiss"]
[EventRounds "7"]
[EventCountry "ESP"]
[SourceTitle "CBM 156 Extra"]
[Source "ChessBase"]
[SourceDate "2013.10.22"]
[SourceVersion "1"]
[SourceVersionDate "2013.10.22"]
[SourceQuality "1"]

1. e4 e5 2. Nf3 Nc6 3. Bc4 Bc5 4. d3 h6 5. c3 d6 6. h3 Nf6 7. Bb3 0-0 8. 0-0 Be6 9. Bc2 Qe7 10. d4 exd4 11. cxd4 Bc4 12. dxc5 Bxf1 13. cxd6 cxd6 14. Qxf1 Nxe4 15. Qd3 Nf6 16. a3 Rfe8 17. Nc3 Ne5 18. Nxe5 Qxe5 19. Bd2 d5 20. Be3 b6 21. Bd4 Qg5 22. Bxf6 Qxf6 23. Nxd5 Qg6 24. Nc7 Rec8 25. Qxg6 fxg6 26. Bb3+ Kf8 27. Nxa8 Rxa8 28. Re1 Re8 29. Rxe8+ Kxe8 30. Kf1 Ke7 31. a4 a5 32. Bc4 Kd6 33. Ke2 Kc5 34. b3 Kd4 35. Kf3 Ke5 36. Ke3 g5 37. g4 g6 38. f3 h5 39. gxh5 gxh5 40. Bf7 h4 41. Bh5 Kd5 42. f4 gxf4+ 43. Kxf4 Kd4 44. Kg5 Kc3 45. Bf7 Kd4 46. Kxh4 Ke5 47. Kg5 Kd6 48. h4 Ke7 49. Kg6 Kf8 50. h5 1-0

[Event "Tenerife-ch (Women)"]
[Site "Santa Cruz de Tenerife"]
[Date "2013.04.15"]
[Round "6"]
[White "Guniaeva, Olga"]
[Black "Pozo Vinuesa, Elena"]
[Result "1-0"]
[WhiteElo "1491"]
[BlackElo "1531"]
[PlyCount "63"]
[EventDate "2013.04.01"]
[EventType "swiss"]
[EventRounds "7"]
[EventCountry "ESP"]
[SourceTitle "EXT 2015"]
[Source "ChessBase"]
[SourceDate "2014.11.20"]
[SourceVersion "1"]
[SourceVersionDate "2014.11.20"]
[SourceQuality "1"]

1. d4 Nf6 2. c4 g6 3. Nc3 Bg7 4. Bg5 0-0 5. Nf3 d6 6. e3 c5 7. Be2 cxd4 8. exd4 Nbd7 9. 0-0 Re8 10. Re1 a6 11. Bd3 Qc7 12. Re3 Nb6 13. Qe2 Bg4 14. Re1 e6 15. b3 Nfd7 16. Qd2 Bxf3 17. Rxf3 e5 18. dxe5 dxe5 19. Be4 Nc5 20. Bd5 Ne6 21. Bf6 Nd4 22. Qe3 Nxf3+ 23. Qxf3 Rab8 24. Rd1 Bxf6 25. Qxf6 Rf8 26. h3 Nd7 27. Qe7 Rbd8 28. Ne4 b5 29. Ng5 Rde8 30. Bxf7+ Kh8 31. Bxe8 Qc5 32. Qxh7# 1-0

[Event "Tenerife-ch (Women)"]
[Site "Santa Cruz de Tenerife"]
[Date "2013.04.10"]
[Round "4"]
[White "Rodriguez Redondo, Adhara"]
[Black "Pozo Vinuesa, Elena"]
[Result "0-1"]
[WhiteElo "1321"]
[BlackElo "1531"]
[PlyCount "36"]
[EventDate "2013.04.01"]
[EventType "swiss"]
[EventRounds "7"]
[EventCountry "ESP"]
[SourceTitle "EXT 2015"]
[Source "ChessBase"]
[SourceDate "2014.11.20"]
[SourceVersion "1"]
[SourceVersionDate "2014.11.20"]
[SourceQuality "1"]

1. e4 c5 2. Nf3 Nc6 3. d4 cxd4 4. Nxd4 g6 5. Nc3 Bg7 6. Nxc6 bxc6 7. Bc4 e6 8. 0-0 Ne7 9. f4 0-0 10. Qf3 Qa5 11. Bd2 Qc5+ 12. Kh1 Qxc4 13. b3 Qa6 14. a4 d5 15. exd5 cxd5 16. Rae1 Qc6 17. h3 Ba6 18. Rg1 Bd4 0-1

[Event "Tenerife-ch U16"]
[Site "Santa Cruz de Tenerife"]
[Date "2013.02.15"]
[Round "7"]
[White "De Castro de Leon, Jorge"]
[Black "Pozo Vinuesa, Elena"]
[Result "0-1"]
[WhiteElo "1560"]
[BlackElo "1523"]
[PlyCount "48"]
[EventDate "2013.02.09"]
[EventType "swiss"]
[EventRounds "9"]
[EventCountry "ESP"]
[SourceTitle "EXT 2015"]
[Source "ChessBase"]
[SourceDate "2014.11.20"]
[SourceVersion "1"]
[SourceVersionDate "2014.11.20"]
[SourceQuality "1"]

1. e4 c5 2. Nf3 Nc6 3. d4 cxd4 4. Nxd4 g6 5. Nc3 Bg7 6. Be3 Nf6 7. Bc4 0-0 8. f3 Qb6 9. Qd2 Nxe4 10. fxe4 Bxd4 11. Bxd4 Qxd4 12. Qxd4 Nxd4 13. 0-0-0 Nc6 14. Rdf1 d6 15. h4 Bg4 16. Rf4 h5 17. Rhf1 Ne5 18. Bb3 e6 19. Nb5 Be2 20. Nc7 Bxf1 21. Nxa8 Bxg2 22. Rf2 Bxe4 23. Rf4 Bf5 24. Nc7 Rc8 0-1

[Event "Tenerife-ch U16"]
[Site "Santa Cruz de Tenerife"]
[Date "2013.02.10"]
[Round "2"]
[White "Pozo Vinuesa, Elena"]
[Black "Perez Barreto, Adrian"]
[Result "0-1"]
[WhiteElo "1523"]
[BlackElo "1974"]
[PlyCount "88"]
[EventDate "2013.02.09"]
[EventType "swiss"]
[EventRounds "9"]
[EventCountry "ESP"]
[SourceTitle "EXT 2015"]
[Source "ChessBase"]
[SourceDate "2014.11.20"]
[SourceVersion "1"]
[SourceVersionDate "2014.11.20"]
[SourceQuality "1"]

1. e4 e6 2. d4 d5 3. e5 c5 4. c3 Qb6 5. a3 Nc6 6. Nf3 Nh6 7. b4 cxd4 8. cxd4 Nf5 9. Bb2 a5 10. b5 a4 11. Be2 Be7 12. 0-0 f6 13. Ra2 Nd8 14. Nc3 Qa5 15. Bd3 Nh6 16. exf6 Bxf6 17. Ne5 Ndf7 18. Re1 0-0 19. Qc2 Bxe5 20. dxe5 d4 21. Raa1 dxc3 22. Bxc3 Qb6 23. Bxh7+ Kh8 24. Re3 Ng5 25. Bd3 Bd7 26. Rg3 Ngf7 27. Qe2 Nd8 28. Bd2 Qd4 29. Rf1 Ndf7 30. Bxh6 Nxh6 31. Qh5 Be8 32. Qg5 Qd7 33. Qh4 Rc8 34. Qxa4 Kg8 35. Qe4 Nf5 36. Rg5 Rc3 37. Bc4 Bf7 38. a4 Rc8 39. Be2 Rc2 40. h3 Qd2 41. Bg4 Qxg5 42. Qxb7 Rc1 43. Be2 Nd4 44. Qe4 Nxe2+ 0-1

[Event "Cotelec Laguna op"]
[Site "Cotelec"]
[Date "2012.08.20"]
[Round "4"]
[White "Pozo Vinuesa, Elena"]
[Black "Villavicencio Sanchez, Pedro"]
[Result "0-1"]
[WhiteElo "1518"]
[BlackElo "1632"]
[PlyCount "72"]
[EventDate "2012.08.17"]
[EventType "swiss"]
[EventRounds "9"]
[EventCountry "ESP"]
[SourceTitle "CBM 150 Extra"]
[Source "ChessBase"]
[SourceDate "2012.10.19"]
[SourceVersion "1"]
[SourceVersionDate "2012.10.19"]
[SourceQuality "1"]

1. e4 c5 2. Nf3 e6 3. d4 cxd4 4. Nxd4 a6 5. Nc3 Qc7 6. Be2 Nf6 7. 0-0 Be7 8. f4 d6 9. Kh1 Nbd7 10. Nf3 b5 11. a3 Bb7 12. Bd3 0-0 13. Qe1 Nc5 14. f5 e5 15. Bg5 h6 16. Bxf6 Bxf6 17. Qg3 Rfe8 18. Rae1 Rac8 19. h3 Qd8 20. Qg4 Qb6 21. Nd2 Nxd3 22. cxd3 Red8 23. Nf3 Re8 24. Re2 a5 25. Nd2 Red8 26. Qf3 Bg5 27. g3 Bxd2 28. Rxd2 b4 29. axb4 axb4 30. Ne2 Ba6 31. f6 g6 32. h4 d5 33. Kh2 dxe4 34. Qxe4 Re8 35. Rdd1 Rc2 36. Kh3 Bb7 0-1

[Event "Tenerife-ch U18 Cup Cabildo"]
[Site "Santa Cruz de Tenerife"]
[Date "2012.01.16"]
[Round "5"]
[White "Pozo Vinuesa, Elena"]
[Black "Gonzalez Garcia, Zoilo"]
[Result "0-1"]
[WhiteElo "1515"]
[BlackElo "1676"]
[PlyCount "116"]
[EventDate "2012.01.14"]
[EventType "swiss"]
[EventRounds "9"]
[EventCountry "ESP"]
[SourceTitle "EXT 2024"]
[Source "ChessBase"]
[SourceDate "2023.10.10"]
[SourceVersion "1"]
[SourceVersionDate "2023.10.10"]
[SourceQuality "1"]

1. e4 c6 2. d4 d5 3. Nc3 dxe4 4. Nxe4 Nd7 5. Nf3 Ngf6 6. Ng3 e6 7. Bf4 Qb6 8. b3 c5 9. Be3 Nd5 10. a3 Nxe3 11. fxe3 cxd4 12. exd4 Bxa3 13. Qd3 Be7 14. Be2 0-0 15. 0-0 Nf6 16. Rad1 Rd8 17. Kh1 Bd7 18. Ne5 Be8 19. Nh5 Nxh5 20. Bxh5 g6 21. Be2 Bf8 22. Qf3 Qc7 23. Ng4 Bg7 24. c3 Qe7 25. Bc4 h5 26. Nf2 Rac8 27. Qg3 b5 28. Be2 b4 29. cxb4 Bxd4 30. Ne4 Bg7 31. Rxd8 Qxd8 32. Bc4 Qe7 33. Nd6 Rd8 34. Nxe8 Rxe8 35. b5 Bd4 36. Qf4 Bb6 37. h3 Bc7 38. Qf3 Rf8 39. Qc6 Qd6 40. Qxd6 Bxd6 41. Ra1 Bc5 42. Rd1 Bb6 43. Rf1 Kg7 44. Re1 Rd8 45. Kh2 Bc7+ 46. Kg1 Rd2 47. Ra1 Be5 48. Re1 Bd4+ 49. Kh1 e5 50. Rf1 f5 51. Re1 Kf6 52. Rf1 f4 53. g3 Kf5 54. gxf4 exf4 55. Re1 Be3 56. Re2 Rd1+ 57. Kg2 Ke4 58. Bf7 f3+ 0-1

[Event "Tenerife-ch U18 Cup Cabildo"]
[Site "Santa Cruz de Tenerife"]
[Date "2012.01.15"]
[Round "3"]
[White "Pozo Vinuesa, Elena"]
[Black "Gil Ojeda, Jorge"]
[Result "1-0"]
[WhiteElo "1515"]
[BlackElo "1298"]
[PlyCount "69"]
[EventDate "2012.01.14"]
[EventType "swiss"]
[EventRounds "9"]
[EventCountry "ESP"]
[SourceTitle "EXT 2024"]
[Source "ChessBase"]
[SourceDate "2023.10.10"]
[SourceVersion "1"]
[SourceVersionDate "2023.10.10"]
[SourceQuality "1"]

1. e4 c5 2. Nf3 Nc6 3. d4 cxd4 4. Nxd4 g6 5. Nc3 Bg7 6. Be3 Nf6 7. f3 0-0 8. Qd2 d6 9. 0-0-0 Qc7 10. h4 a5 11. Bb5 Bd7 12. g4 h5 13. g5 Nh7 14. Nd5 Qd8 15. Nxc6 Bxc6 16. Bb6 Qd7 17. Bc4 Bxd5 18. Bxd5 Qb5 19. Bd4 e5 20. Bc3 Kh8 21. f4 f5 22. exf5 Rxf5 23. Rhf1 Qa4 24. Bb3 Qe4 25. Rde1 Qc6 26. a3 Raf8 27. Qd3 a4 28. Bd5 Qb6 29. Re4 Qc5 30. Rc4 Qb5 31. Qd2 Ra8 32. Qd3 e4 33. Bxg7+ Kxg7 34. Rc7+ Kf8 35. Qxb5 1-0